[Event "Wuertemberg-ch Seniors 27th"]
[Site "Freudenstadt"]
[Date "2015.07.09"]
[Round "7"]
[White "Heni, Norbert"]
[Black "Just, Joachim"]
[Result "0-1"]
[WhiteElo "1793"]
[BlackElo "2012"]
[PlyCount "60"]
[EventDate "2015.07.03"]
[EventType "swiss"]
[EventRounds "9"]
[EventCountry "GER"]
[SourceTitle "EXT 2016"]
[Source "ChessBase"]
[SourceDate "2015.10.08"]
[SourceVersion "1"]
[SourceVersionDate "2015.10.08"]
[SourceQuality "1"]

1. c4 f5 2. g3 Nf6 3. Bg2 e5 4. Nc3 c6 5. d3 Bc5 6. e3 0-0 7. Nge2 a5 8. d4 Bd6 9. dxe5 Bxe5 10. f4 Bc7 11. e4 fxe4 12. Nxe4 Nxe4 13. Bxe4 Qe7 14. Nc3 Na6 15. Be3 d6 16. Kf2 Bf5 17. Bxf5 Rxf5 18. Re1 Qf7 19. g4 Rxf4+ 20. Bxf4 Qxf4+ 21. Qf3 Qxh2+ 22. Ke3 Bb6+ 23. c5 Bxc5+ 24. Kd3 Nb4+ 25. Kc4 b5+ 26. Nxb5 cxb5+ 27. Kxb5 Rb8+ 28. Ka4 Qxb2 29. Reb1 Qd4 30. Qd1 Nd3+ 0-1

[Event "Baden-ch U1800 op"]
[Site "Waldshut Tiengen"]
[Date "2014.06.20"]
[Round "5"]
[White "Heni, Norbert"]
[Black "Huber, Martin"]
[Result "1-0"]
[WhiteElo "1828"]
[BlackElo "2162"]
[PlyCount "93"]
[EventDate "2014.06.19"]
[EventType "swiss"]
[EventRounds "7"]
[EventCountry "GER"]
[SourceTitle "EXT 2015"]
[Source "ChessBase"]
[SourceDate "2014.11.20"]
[SourceVersion "1"]
[SourceVersionDate "2014.11.20"]
[SourceQuality "1"]

1. c4 Nf6 2. g3 c5 3. Bg2 Nc6 4. Nc3 e6 5. e4 d6 6. f4 Be7 7. Nf3 0-0 8. 0-0 Rb8 9. b3 a6 10. d4 cxd4 11. Nxd4 Nxd4 12. Qxd4 b5 13. cxb5 axb5 14. Bb2 Qb6 15. Ne2 Ba6 16. Qxb6 Rxb6 17. Rfc1 Rd8 18. Rc7 Rd7 19. Rac1 Bd8 20. Rxd7 Nxd7 21. e5 d5 22. Nd4 Kf8 23. Nc6 Ke8 24. Bd4 Rb7 25. Nxd8 Kxd8 26. Rc6 Nb8 27. Bb6+ Ke7 28. Rd6 Rd7 29. Bc5 Ke8 30. f5 Rxd6 31. Bxd6 Nc6 32. fxe6 fxe6 33. Bf1 Nd4 34. Kf2 Kd7 35. Bd3 g6 36. g4 Kc8 37. Ke3 Nc6 38. a4 d4+ 39. Kf4 Na5 40. axb5 Bb7 41. b4 Nb3 42. h4 Nc1 43. Bc4 Kd7 44. b6 Bc6 45. b5 Bb7 46. Ba3 d3 47. Bxc1 1-0

[Event "GER-ch Seniors"]
[Site "Dresden"]
[Date "2012.08.12"]
[Round "4"]
[White "Heni, Norbert"]
[Black "Hellwege, Werner"]
[Result "1-0"]
[WhiteElo "1779"]
[BlackElo "1970"]
[PlyCount "61"]
[EventDate "2012.08.09"]
[EventType "swiss"]
[EventRounds "9"]
[EventCountry "GER"]
[SourceTitle "EXT 2014"]
[Source "ChessBase"]
[SourceDate "2013.11.20"]
[SourceVersion "1"]
[SourceVersionDate "2013.11.20"]
[SourceQuality "1"]

1. c4 Nf6 2. g3 g6 3. Bg2 Bg7 4. d3 c5 5. Nc3 Nc6 6. e4 d6 7. Nge2 0-0 8. 0-0 Rb8 9. f4 Bg4 10. h3 Bxe2 11. Nxe2 b5 12. e5 Nxe5 13. fxe5 dxe5 14. cxb5 Rxb5 15. Nc3 Qd4+ 16. Kh2 Rbb8 17. Qe2 Rfd8 18. Rd1 Nh5 19. Be3 Qb4 20. Rab1 e6 21. Ne4 f5 22. Nxc5 f4 23. gxf4 Nxf4 24. Bxf4 Qxf4+ 25. Kh1 Rb6 26. Rf1 Qb4 27. Ne4 Qd4 28. Rf3 a5 29. Qf2 Qb4 30. b3 Bh6 31. Qh4 1-0

[Event "Baden-ch Seniors"]
[Site "Emmendingen"]
[Date "2012.06.04"]
[Round "3"]
[White "Heni, Norbert"]
[Black "Seifert, Gerhard"]
[Result "1-0"]
[WhiteElo "1697"]
[BlackElo "1400"]
[PlyCount "91"]
[EventDate "2012.06.02"]
[EventType "swiss"]
[EventRounds "9"]
[EventCountry "GER"]
[SourceTitle "CBM 148 Extra"]
[Source "ChessBase"]
[SourceDate "2012.06.22"]
[SourceVersion "1"]
[SourceVersionDate "2012.06.22"]
[SourceQuality "1"]

1. c4 e5 2. g3 Nc6 3. Bg2 Bc5 4. e3 Nf6 5. Ne2 0-0 6. a3 a6 7. Nbc3 Re8 8. 0-0 d6 9. h3 Bf5 10. d4 exd4 11. exd4 Ba7 12. Be3 Ne4 13. Nxe4 Bxe4 14. Qd2 Qe7 15. Nc3 Bxg2 16. Kxg2 Qd7 17. Rae1 Ne7 18. b4 Qc6+ 19. Kh2 Qxc4 20. Rc1 Qe6 21. Ne2 Nd5 22. Nf4 Nxf4 23. Bxf4 c6 24. Rfe1 Qd5 25. Be3 Re6 26. Qc3 Rae8 27. Qc4 Qf3 28. Re2 d5 29. Qd3 Re4 30. Rce1 h6 31. Qd2 Bxd4 32. Bxd4 Rxe2 33. Rxe2 Rxe2 34. Qc1 Qe4 35. Qc3 Re1 36. g4 Qh1+ 37. Kg3 Rg1+ 38. Kh4 g5+ 39. Kh5 Qxh3+ 40. Qxh3 Rd1 41. Bc5 Kg7 42. Qc3+ f6 43. Qf3 Re1 44. Bd4 Re6 45. Qf5 Kf7 46. Qg6+ 1-0